Statistics for Biggest Cities in the Holy Roman Empire

Click here to take the quiz!

General Stats

  • This quiz has been taken 64 times
  • The average score is 25 of 30

Answer Stats

PopulationCityCountry% Correct
1,899,055ViennaAustria
100%
1,404,239MilanItaly
100%
873,555AmsterdamNetherlands
100%
753,056FrankfurtGermany
100%
3,748,148BerlinGermany
97%
1,930,996HamburgGermany
97%
1,308,632PragueCzech Republic
97%
2,844,750RomeItaly
97%
651,870RotterdamNetherlands
95%
1,471,508MunichGermany
95%
1,211,035BrusselsBelgium
93%
1,085,664CologneGermany
93%
415,367ZürichSwitzerland
90%
875,698TurinItaly
88%
545,273The HagueNetherlands
86%
578,000GenoaItaly
84%
554,649DresdenGermany
83%
538,068HanoverGermany
81%
525,935AntwerpBelgium
79%
619,294DüsseldorfGermany
79%
862,211MarseilleFrance
79%
569,352BremenGermany
76%
634,830StuttgartGermany
74%
518,365NurembergGermany
74%
587,857LeipzigGermany
72%
515,695LyonFrance
71%
583,393EssenGermany
64%
587,010DortmundGermany
62%
390,636BolognaItaly
60%
498,590DuisburgGermany
38%

Score Distribution

Percentile by Number Answered

Percent of People with Each Score

Your Score History

You have not taken this quiz